000 00898cam a2200313 4500
001 ABS65347
008 020426n2002 000 0 eng u
035 _a(Sirsi) u117716
245 _aFocus 2002: Essex
260 _c2002
490 _aEstates Gazette
_v(0215) 13 April 2002, 73-107(14)
590 _aABS
650 _aESSEX
650 _aCHELMSFORD
650 _aCOLCHESTER
650 _aHARLOW
650 _aPROPERTY-COMMERCIAL PROPERTY-RETAIL PROPERTY-RETAIL PROPERTY MARKET
650 _aLEISURE MARKET
650 _aPROPERTY-COMMERCIAL PROPERTY-OFFICE PROPERTY-OFFICE PROPERTY MARKET
650 _aELECTRICITY PYLONS
650 _aDEVELOPMENT
650 _aM25
650 _aINDUSTRIAL MARKET
650 _aDISTRIBUTION MARKET
650 _aSOUTHEND
650 _aCOASTAL TOWNS
690 _aPROPERTY-COMMERCIAL PROPERTY-COMMERCIAL PROPERTY MARKET
942 _n0
999 _c70100
_d70100